| 000 | 00499nam a2200157 a 4500 | ||
|---|---|---|---|
| 001 | 000044920 | ||
| 003 | DO-SdBNP | ||
| 005 | 20250206131607.0 | ||
| 008 | 150119s2003 dr ac 000 0 spa d | ||
| 040 |
_aDO-SdBNP _bspa _cBNPHU |
||
| 110 | 1 |
_a República Dominicana. _b Secretaría de Estado de Cultura. _96453 |
|
| 245 | 1 | 0 | _aRendición de cuentas 2000 -2003. |
| 260 |
_aSanto Domingo : _bSecretaría de Estado de Cultura, _c[2003]. |
||
| 300 |
_a198 p. : _bil., retrs. ; _c28 cm. |
||
| 942 |
_2ddc _cLBS1 |
||
| 999 |
_c44409 _d44409 |
||